Every city in Eswatini - Statistics

General Stats
  • This quiz has been taken 9 times
  • The average score is 7 of 26
Answer Stats
City Population % Correct
M Mbabane 60,691
100%
B Big Bend 6,433
60%
M Manzini 30,248
40%
P Pigg‘s Peak 5,389
40%
B Bhunya 2,650
20%
B Bulembu 2,443
20%
E Ezulwini 2,661
20%
H Hlatikulu 2,076
20%
L Lavumisa 1,117
20%
M Malkerns 6,122
20%
M Mankayane 1,040
20%
M Matsapha 7,571
20%
M Mhlambanyatsi 2,553
20%
M Mhlume 3,645
20%
M Mondi Forest 2,703
20%
M Mpaka 2,144
20%
N Ngomane 3,920
20%
N Ngwenya 842
20%
N Nhlangano 10,456
20%
N Nsoko Planters 963
20%
S Sidvokodvo 1,528
20%
S Simunye 3,173
20%
S Siteki 3,663
20%
T Tabankulu 2,551
20%
T Tjaneni 2,250
20%
V Vuvulane 3,594
20%
No matching quizzes found
Score Distribution
Percent of People with Each Score
Percentile by Number Answered
Your Score History
You have not taken this quiz